00409nam a2200121Ia 4500008004100000245010400041260003600145260000900181300000600190650002600196650001200222856005300234170516s9999 xx 000 0 und d aCharacterization of DTI Indices in the Cervical, Thoracic, and Lumbar Spinal Cord in Healthy Humans bRadiology Research and Practice c2012 a: xRadiologic Technology xRadtech uhttps://www.hindawi.com/journals/rrp/contents/4/